00531 2200181 4500001002100000005001500021035002500036090001900061245003800080260006100118300003400179008004100213082001200254084001800266250000600284650004100290990001800331YOGYA00000000009354420180528121855 a0010-081400000093261 aLM 053.931 Deu aDeutcshe Aussenpolitik :bJilid 5 aBerlin :bInstitut fur Internationale Beziehungen,c1964 a350-448 hlm. :bilus ;c24 cm180528 g 0 ger  a053.931 aL 053.931 DEU a5 aTerbitan Berseri dalam Bahasa Jerman a38012-PD/A.08